[Event "38. Open Ciudad de San Sebastián"]
[Site "San Sebastián ESP"]
[Date "2015.03.29"]
[Round "2.26"]
[White "Garcia Fernandez, Jesus"]
[Black "Buiza Prieto, Eihartze"]
[Result "0-1"]
[WhiteElo "1863"]
[BlackElo "2107"]
[PlyCount "38"]
[EventDate "2015.03.28"]
[EventType "swiss"]
[EventRounds "9"]
[EventCountry "ESP"]
[Source "lmi"]
[SourceDate "2015.03.28"]

1. d4 d5 2. e4 dxe4 3. Nc3 Nf6 4. f3 exf3 5. Nxf3 e6 6. Bd3 Be7 7. O-O O-O 8.
Kh1 Nbd7 9. Qe1 Re8 10. Ne5 c5 11. Qh4 cxd4 12. Nxf7 Kxf7 13. Bxh7 Rh8 14. Ne4
Nf8 15. Qh5+ g6 16. Ng5+ Kg7 17. Nxe6+ Bxe6 18. Bh6+ Kf7 19. Bxf8 gxh5 0-1

[Event "38. Open Ciudad de San Sebastián"]
[Site "San Sebastián ESP"]
[Date "2015.03.29"]
[Round "2.27"]
[White "Troffiguer, Olivier"]
[Black "Izquierdo Arruferia, Joseba"]
[Result "1-0"]
[WhiteElo "2092"]
[BlackElo "1857"]
[PlyCount "55"]
[EventDate "2015.03.28"]
[EventType "swiss"]
[EventRounds "9"]
[EventCountry "ESP"]
[Source "lmi"]
[SourceDate "2015.03.28"]

1. d4 Nf6 2. c4 e5 3. dxe5 Ng4 4. Bf4 Nc6 5. Nf3 Bb4+ 6. Nbd2 Qe7 7. e3 Ngxe5
8. Nxe5 Nxe5 9. Be2 O-O 10. a3 Bxd2+ 11. Qxd2 d6 12. O-O a5 13. b4 b6 14. c5
axb4 15. cxd6 cxd6 16. axb4 Bb7 17. Qd4 Rxa1 18. Rxa1 Qc7 19. Rd1 Qc2 20. Bf1
Bf3 21. Rd2 Qc1 22. Qb2 Qxb2 23. Rxb2 Be4 24. Rd2 Ng6 25. Bxd6 Rd8 26. Rd4 Bb7
27. Bc7 Rxd4 28. exd4 1-0

[Event "38. Open Ciudad de San Sebastián"]
[Site "San Sebastián ESP"]
[Date "2015.03.29"]
[Round "2.28"]
[White "Arana Garate, Jon"]
[Black "Perez Calahorra, Ricardo"]
[Result "1-0"]
[WhiteElo "1859"]
[BlackElo "2090"]
[PlyCount "79"]
[EventDate "2015.03.28"]
[EventType "swiss"]
[EventRounds "9"]
[EventCountry "ESP"]
[Source "lmi"]
[SourceDate "2015.03.28"]

1. d4 Nf6 2. Nf3 b6 3. g3 Bb7 4. Bg2 e6 5. O-O d5 6. Nbd2 Nbd7 7. e4 Nxe4 8.
Nxe4 dxe4 9. Ng5 Nf6 10. Re1 Be7 11. Nxe4 Bxe4 12. Bxe4 Nxe4 13. Rxe4 O-O 14.
b3 Bf6 15. Ba3 Re8 16. Rc1 Qd5 17. Qe1 Red8 18. c4 Qb7 19. d5 Qa6 20. Bb4 c5
21. dxc6 Qc8 22. c5 bxc5 23. Bxc5 Rd5 24. Be3 h5 25. h4 a5 26. Qe2 Qc7 27. Rec4
Be7 28. Rd4 Rad8 29. Rxd5 Rxd5 30. Qa6 Qd6 31. Kg2 Bd8 32. Qc8 Qc7 33. Qb7 Kh7
34. Rc5 Qe5 35. Rxd5 Qxd5+ 36. Kh2 Qd6 37. Bb6 Bxh4 38. c7 Bxg3+ 39. fxg3 h4
40. Qe4+ 1-0

[Event "38. Open Ciudad de San Sebastián"]
[Site "San Sebastián ESP"]
[Date "2015.03.29"]
[Round "2.29"]
[White "Encinas Encinas, Alvaro"]
[Black "Zuloaga Erauskin, Markel"]
[Result "1-0"]
[WhiteElo "2076"]
[BlackElo "1625"]
[PlyCount "133"]
[EventDate "2015.03.28"]
[EventType "swiss"]
[EventRounds "9"]
[EventCountry "ESP"]
[Source "lmi"]
[SourceDate "2015.03.28"]

1. e4 e6 2. d4 d5 3. Nc3 dxe4 4. Nxe4 Nd7 5. Nf3 Ngf6 6. Nxf6+ Nxf6 7. Bg5 Be7
8. Bd3 b6 9. Bb5+ Bd7 10. Qe2 O-O 11. O-O c6 12. Bd3 h6 13. Bh4 Nd5 14. Bxe7
Qxe7 15. Qe4 Nf6 16. Qh4 c5 17. Rfe1 cxd4 18. Nxd4 Nd5 19. Qe4 Nf6 20. Qf4 Nd5
21. Qe4 Nf6 22. Qe5 Ng4 23. Qg3 h5 24. h3 Nh6 25. Re5 h4 26. Qe3 Rfe8 27. Re1
Rac8 28. Qe4 f5 29. Qe2 Nf7 30. Rxf5 Qd6 31. Rxf7 Kxf7 32. Qh5+ Kg8 33. Qh7+
Kf8 34. Re3 Qxd4 35. Re4 Qxb2 36. Rf4+ Ke7 37. Qxh4+ Kd6 38. Rb4 Qa1+ 39. Kh2
Qe5+ 40. f4 Qc5 41. Re4 Qa5 42. Rd4+ Kc7 43. Qg3 e5 44. Rc4+ Kb8 45. Qxg7 Rxc4
46. Qxd7 Rcc8 47. Qd6+ Rc7 48. Bg6 Rec8 49. Bf5 Qc5 50. fxe5 Qxd6 51. exd6 Rxc2
52. d7 Rd8 53. Bxc2 Rxd7 54. h4 Kc7 55. h5 Rd8 56. h6 Kd6 57. g4 Ke5 58. Kg3
Kf6 59. Kf4 Rd4+ 60. Be4 Ra4 61. g5+ Kf7 62. g6+ Kf6 63. g7 Kf7 64. Ke5 Ra5+
65. Bd5+ Rxd5+ 66. Kxd5 a5 67. Kc6 1-0

[Event "38. Open Ciudad de San Sebastián"]
[Site "San Sebastián ESP"]
[Date "2015.03.29"]
[Round "2.31"]
[White "Munoz Avila, Jose Luis"]
[Black "Garcia Cruz, Jose Manuel"]
[Result "1-0"]
[WhiteElo "1764"]
[BlackElo "1342"]
[PlyCount "97"]
[EventDate "2015.03.28"]
[EventType "swiss"]
[EventRounds "9"]
[EventCountry "ESP"]
[Source "lmi"]
[SourceDate "2015.03.28"]

1. d4 Nf6 2. c4 g6 3. Nc3 Bg7 4. e4 d6 5. f3 O-O 6. Be3 e5 7. Nge2 Nc6 8. d5
Ne7 9. Qd2 Ne8 10. O-O-O f5 11. Kb1 f4 12. Bf2 a6 13. Nc1 c6 14. dxc6 Nxc6 15.
Nb3 Rf7 16. Nd5 Bf8 17. Bb6 Qg5 18. Qf2 Be6 19. Be2 Bxd5 20. Rxd5 Ne7 21. Rd2
Nc8 22. Ba5 Rb8 23. c5 Rd7 24. Bc4+ Kh8 25. Rhd1 Qf6 26. Bb4 Rc7 27. cxd6 Ncxd6
28. Bxd6 Nxd6 29. Bd5 b6 30. Rc2 Rxc2 31. Qxc2 Rc8 32. Qd3 b5 33. Na5 Rc7 34.
a3 Nc4 35. Bxc4 bxc4 36. Nxc4 Qc6 37. Nxe5 Qe8 38. Qd8 Qxd8 39. Rxd8 Kg7 40.
Rd7+ Rxd7 41. Nxd7 Bd6 42. Kc2 Kf7 43. b4 Ke7 44. Nb6 Kd8 45. Kd3 Kc7 46. Nd5+
Kc6 47. Kc4 Be5 48. a4 h5 49. Ne7+ 1-0

[Event "38. Open Ciudad de San Sebastián"]
[Site "San Sebastián ESP"]
[Date "2015.03.29"]
[Round "2.34"]
[White "Arocena Uria, Jaime"]
[Black "Capote Robayna, Nathaniel"]
[Result "0-1"]
[WhiteElo "1692"]
[BlackElo "2277"]
[PlyCount "46"]
[EventDate "2015.03.28"]
[EventType "swiss"]
[EventRounds "9"]
[EventCountry "ESP"]
[Source "lmi"]
[SourceDate "2015.03.28"]

1. e4 c5 2. Nf3 Nc6 3. d4 cxd4 4. Nxd4 e6 5. Be3 Qc7 6. Nc3 a6 7. Be2 Nf6 8.
O-O Bb4 9. f3 d5 10. exd5 exd5 11. Qe1 O-O 12. Rd1 Re8 13. Bg5 Nxd4 14. Rxd4
Bc5 15. Bxf6 gxf6 16. Qh4 Qe5 17. Rfd1 Bf5 18. Kf1 Bxd4 19. Rxd4 Rad8 20. Bd3
Bg6 21. Rg4 f5 22. f4 Qe3 23. Nd1 Qd2 0-1

[Event "38. Open Ciudad de San Sebastián"]
[Site "San Sebastián ESP"]
[Date "2015.03.29"]
[Round "2.36"]
[White "Barbazan Bilbao, Xabier"]
[Black "Zendoia Solabarrieta, Ibon"]
[Result "1-0"]
[WhiteElo "2013"]
[BlackElo "1667"]
[PlyCount "39"]
[EventDate "2015.03.28"]
[EventType "swiss"]
[EventRounds "9"]
[EventCountry "ESP"]
[Source "lmi"]
[SourceDate "2015.03.28"]

1. e4 c5 2. Nf3 d6 3. d4 cxd4 4. Nxd4 Nf6 5. Nc3 Nc6 6. Bg5 a6 7. Qd2 Qc7 8.
O-O-O e5 9. Nde2 Be6 10. Bxf6 gxf6 11. Nd5 Bxd5 12. Qxd5 Nb4 13. Qb3 Rc8 14.
Nc3 d5 15. exd5 a5 16. Bb5+ Kd8 17. a3 Na6 18. d6 Bxd6 19. Bxa6 bxa6 20. Ne4
1-0

[Event "38. Open Ciudad de San Sebastián"]
[Site "San Sebastián ESP"]
[Date "2015.03.29"]
[Round "2.37"]
[White "Mendia Rezola, Jokin"]
[Black "Pedchenko, Alex"]
[Result "1-0"]
[WhiteElo "1756"]
[BlackElo "1549"]
[PlyCount "53"]
[EventDate "2015.03.28"]
[EventType "swiss"]
[EventRounds "9"]
[EventCountry "ESP"]
[Source "lmi"]
[SourceDate "2015.03.28"]

1. e4 g6 2. d4 Bg7 3. f4 d6 4. Nf3 Nf6 5. Nc3 O-O 6. Bd3 Nbd7 7. O-O c5 8. d5
a6 9. a4 Nb6 10. a5 Nbd7 11. Bd2 b6 12. axb6 Qxb6 13. Na4 Qa7 14. c4 Nb6 15.
Bc3 Bd7 16. Nxb6 Qxb6 17. Qc2 Nh5 18. Nh4 Rfb8 19. Rf2 Qb3 20. Qxb3 Rxb3 21. e5
f6 22. e6 Bc8 23. g4 g5 24. fxg5 fxg5 25. Nf5 Bxc3 26. Nxe7+ Kg7 27. Rf7+ 1-0

[Event "38. Open Ciudad de San Sebastián"]
[Site "San Sebastián ESP"]
[Date "2015.03.29"]
[Round "2.39"]
[White "Rodsmoen, Maud"]
[Black "Fernandez Zubitur, Asier"]
[Result "1/2-1/2"]
[WhiteElo "1849"]
[BlackElo "1607"]
[PlyCount "124"]
[EventDate "2015.03.28"]
[EventType "swiss"]
[EventRounds "9"]
[EventCountry "ESP"]
[Source "lmi"]
[SourceDate "2015.03.28"]

1. e4 d6 2. d4 Nf6 3. Nc3 Nbd7 4. Nf3 e5 5. d5 Be7 6. h3 O-O 7. Be3 c6 8. Bc4
Nb6 9. Bb3 cxd5 10. Bxb6 Qxb6 11. Nxd5 Nxd5 12. Qxd5 Be6 13. Qd3 Qa5+ 14. Nd2
Bg5 15. Rd1 Bxb3 16. axb3 Rad8 17. O-O d5 18. Nf3 dxe4 19. Qxe4 Bf6 20. Qxb7 e4
21. Qxe4 Bxb2 22. Rxd8 Rxd8 23. Re1 h6 24. Qe2 Bc3 25. Rd1 Rxd1+ 26. Qxd1 Qf5
27. Nh2 a5 28. Qd8+ Kh7 29. Qd3 Qxd3 30. cxd3 Kg6 31. Kf1 Kf5 32. Ke2 Ke6 33.
Kd1 Kd5 34. Kc2 Bd4 35. f3 Kc5 36. Nf1 Kb5 37. Nd2 a4 38. bxa4+ Kxa4 39. Nb3
Bf6 40. Nc5+ Kb5 41. Ne4 Be7 42. Kc3 Kc6 43. Kc4 f5 44. Ng3 g6 45. Ne2 Bg5 46.
f4 Bf6 47. Nd4+ Kd6 48. Nb5+ Ke6 49. d4 Bh4 50. d5+ Kd7 51. Kd4 Bf6+ 52. Ke3
Bb2 53. g3 Bc1+ 54. Kd3 g5 55. Nd4 Kd6 56. fxg5 hxg5 57. Nxf5+ Kxd5 58. Ne3+
Ke5 59. h4 gxh4 60. gxh4 Bxe3 61. Kxe3 Kf6 62. Kf4 Kg7 1/2-1/2

[Event "38. Open Ciudad de San Sebastián"]
[Site "San Sebastián ESP"]
[Date "2015.03.29"]
[Round "2.41"]
[White "Vargas Drechsler, Carlos"]
[Black "Lertxundi Azpiazu, Jon"]
[Result "1-0"]
[WhiteElo "1848"]
[BlackElo "1668"]
[PlyCount "103"]
[EventDate "2015.03.28"]
[EventType "swiss"]
[EventRounds "9"]
[EventCountry "ESP"]
[Source "lmi"]
[SourceDate "2015.03.28"]

1. d4 Nf6 2. c4 e5 3. dxe5 Ng4 4. Bf4 Nc6 5. Nf3 Bb4+ 6. Nc3 Qe7 7. Qd5 Bc5 8.
e3 Nb4 9. Qd2 f6 10. exf6 Nxf6 11. a3 Nc6 12. b4 Bxb4 13. axb4 Nxb4 14. Nb5 O-O
15. Bd3 a5 16. O-O d6 17. Nfd4 Nh5 18. Bg3 Nxg3 19. hxg3 c6 20. Nc3 h5 21. Rfb1
Nxd3 22. Qxd3 h4 23. gxh4 Qxh4 24. Qe2 Rf6 25. Nf3 Qh5 26. Ne4 Rg6 27. Ng3 Qc5
28. Qd3 Rh6 29. Qd4 Be6 30. Qxc5 dxc5 31. Rxb7 Bxc4 32. Nf5 Rf6 33. Nxg7 Bf7
34. Rd1 Kxg7 35. Rdd7 Kg8 36. Ng5 Bg6 37. Rg7+ Kf8 38. Nh7+ Bxh7 39. Rxh7 Ke8
40. Ra7 Rb8 41. Rxa5 c4 42. Kf1 Rb1+ 43. Ke2 Rb2+ 44. Kd1 Rd6+ 45. Kc1 Rbd2 46.
Ra8+ Rd8 47. Rh8+ Ke7 48. Rhxd8 Rxf2 49. Rd2 Rf5 50. Ra4 Rc5 51. Rc2 Kd6 52.
Raxc4 1-0

[Event "38. Open Ciudad de San Sebastián"]
[Site "San Sebastián ESP"]
[Date "2015.03.29"]
[Round "2.42"]
[White "Arri Martinez, Iker"]
[Black "Fernandez Garcia, Francisco Jo"]
[Result "0-1"]
[WhiteElo "1662"]
[BlackElo "1848"]
[PlyCount "76"]
[EventDate "2015.03.28"]
[EventType "swiss"]
[EventRounds "9"]
[EventCountry "ESP"]
[Source "lmi"]
[SourceDate "2015.03.28"]

1. e4 c5 2. Nf3 Nc6 3. d3 e6 4. g3 g6 5. Bg2 Bg7 6. O-O Nge7 7. Re1 O-O 8. Nbd2
d6 9. c3 Bd7 10. Qe2 Qc7 11. Nf1 a6 12. h4 h5 13. N1h2 e5 14. Ng5 f6 15. Ngf3
Rae8 16. d4 cxd4 17. Qc4+ Kh8 18. cxd4 exd4 19. Nxd4 Qa5 20. Bf4 Ne5 21. Bxe5
dxe5 22. Nb3 Qb6 23. Qc5 Qe6 24. Rad1 Rc8 25. Qd6 Qxd6 26. Rxd6 Bb5 27. Red1
Ba4 28. Rb6 Rc7 29. Rc1 Rfc8 30. Rxc7 Rxc7 31. Na5 Rc1+ 32. Bf1 Nc6 33. Nxb7
Nd4 34. Rxa6 Bc6 35. Nd6 Bf8 36. Nf7+ Kg8 37. Nd8 Bxe4 38. Nc6 Ne2# 0-1

[Event "38. Open Ciudad de San Sebastián"]
[Site "San Sebastián ESP"]
[Date "2015.03.29"]
[Round "2.43"]
[White "Prado Lobo, Jonas"]
[Black "Iturralde Prieto, Juan Cruz"]
[Result "1-0"]
[WhiteElo "1847"]
[BlackElo "1651"]
[PlyCount "64"]
[EventDate "2015.03.28"]
[EventType "swiss"]
[EventRounds "9"]
[EventCountry "ESP"]
[Source "lmi"]
[SourceDate "2015.03.28"]

1. d4 Nf6 2. c4 e6 3. Nc3 d5 4. cxd5 exd5 5. Bg5 Bb4 6. e3 O-O 7. Bd3 Bxc3+ 8.
bxc3 Qd6 9. Bxf6 Qxf6 10. Qh5 h6 11. Qxd5 c6 12. Qf3 Qd6 13. Ne2 Nd7 14. O-O
Nf6 15. h3 Be6 16. e4 Qc7 17. e5 Nd5 18. c4 Ne7 19. Rfd1 Rad8 20. Rac1 Qd7 21.
Bb1 Nf5 22. d5 cxd5 23. cxd5 Ne7 24. d6 Nc6 25. Qe4 g6 26. Nd4 Nxd4 27. Qxd4 a6
28. Qh4 Kh7 29. Qf6 Qb5 30. Rc7 Rd7 31. Bxg6+ fxg6 32. Qxf8 Qxe5 1-0

[Event "38. Open Ciudad de San Sebastián"]
[Site "San Sebastián ESP"]
[Date "2015.03.29"]
[Round "2.44"]
[White "Estevez Sacristan, Deva"]
[Black "Fuente San Sebastian, Ernesto"]
[Result "0-1"]
[WhiteElo "1648"]
[BlackElo "1842"]
[PlyCount "116"]
[EventDate "2015.03.28"]
[EventType "swiss"]
[EventRounds "9"]
[EventCountry "ESP"]
[Source "lmi"]
[SourceDate "2015.03.28"]

1. e4 e5 2. Nf3 d5 3. exd5 e4 4. Qe2 Nf6 5. Nc3 Be7 6. Nxe4 O-O 7. Nxf6+ Bxf6
8. Qc4 Re8+ 9. Be2 Qe7 10. d4 b5 11. Qd3 b4 12. Qe3 Qd7 13. Qb3 Bb7 14. Be3
Bxd5 15. Qxb4 Nc6 16. Qc3 Rad8 17. O-O Bxf3 18. Bxf3 Nxd4 19. Bxd4 Bxd4 20. Qc4
Qf5 21. c3 Bb6 22. Bc6 Re5 23. Qh4 g5 24. Qg3 Rd3 25. Bf3 h5 26. Rad1 Rxd1 27.
Rxd1 g4 28. Bc6 Re2 29. Kh1 Rxf2 30. Bf3 Rxb2 31. h3 Rb1 32. Kh2 Rxd1 33. Bxd1
Qf1 34. Qe5 Qxd1 35. Qe8+ Kg7 36. Qe5+ Kf8 37. Qh8+ Ke7 38. Qe5+ Kd7 39. Qb5+
Ke6 40. Qc6+ Qd6+ 41. Qxd6+ cxd6 42. hxg4 hxg4 43. Kg3 f5 44. Kf4 Ba5 45. c4
Bd2+ 46. Kg3 Ke5 47. a4 Kd4 48. a5 Kxc4 49. a6 d5 50. Kf2 Kd3 51. g3 d4 52. Kf1
Bb4 53. Kf2 Kc2 54. Kg2 d3 55. Kh2 d2 56. Kg2 d1=Q 57. Kh2 Bc5 58. Kg2 Qg1# 0-1

[Event "38. Open Ciudad de San Sebastián"]
[Site "San Sebastián ESP"]
[Date "2015.03.29"]
[Round "2.45"]
[White "Sanchez Ruesga, Carlos"]
[Black "Jauregi Barandiaran, Jon"]
[Result "1-0"]
[WhiteElo "1842"]
[BlackElo "1647"]
[PlyCount "65"]
[EventDate "2015.03.28"]
[EventType "swiss"]
[EventRounds "9"]
[EventCountry "ESP"]
[Source "lmi"]
[SourceDate "2015.03.28"]

1. e4 d6 2. d4 Nf6 3. Nc3 e5 4. Nf3 Nbd7 5. Bc4 Be7 6. O-O O-O 7. Re1 c6 8. a4
b6 9. d5 Bb7 10. b3 Rc8 11. dxc6 Bxc6 12. Ba3 Qc7 13. Ba6 Rcd8 14. Nb5 Bxb5 15.
Bxb5 Nc5 16. Bxc5 Qxc5 17. Qe2 Rc8 18. c4 Rc7 19. a5 Nd7 20. Qd2 bxa5 21. Rxa5
Qb6 22. b4 Nb8 23. Rea1 Rfc8 24. Ne1 Rb7 25. Nc2 Qc7 26. Qd3 a6 27. Rxa6 Rxb5
28. cxb5 Qxc2 29. Qxc2 Rxc2 30. Ra8 Rc8 31. b6 Kf8 32. b7 Rd8 33. Rxb8 1-0

[Event "38. Open Ciudad de San Sebastián"]
[Site "San Sebastián ESP"]
[Date "2015.03.29"]
[Round "2.46"]
[White "Delbos, Jean-louis"]
[Black "Orube Bona, Andoni"]
[Result "1/2-1/2"]
[WhiteElo "1647"]
[BlackElo "1814"]
[PlyCount "48"]
[EventDate "2015.03.28"]
[EventType "swiss"]
[EventRounds "9"]
[EventCountry "ESP"]
[Source "lmi"]
[SourceDate "2015.03.28"]

1. e4 c5 2. Nc3 g6 3. f4 Bg7 4. Nf3 Nc6 5. Bc4 e6 6. O-O Nge7 7. d3 O-O 8. Ne2
d5 9. Bb3 b5 10. c3 a5 11. exd5 exd5 12. d4 cxd4 13. Nexd4 Nxd4 14. Nxd4 Ba6
15. f5 Bxd4+ 16. Qxd4 Nxf5 17. Rxf5 gxf5 18. Bh6 f6 19. Bxd5+ Rf7 20. Bxf7+
Kxf7 21. Rd1 Qxd4+ 22. Rxd4 Re8 23. Rd7+ Re7 24. Rxe7+ Kxe7 1/2-1/2

[Event "38. Open Ciudad de San Sebastián"]
[Site "San Sebastián ESP"]
[Date "2015.03.29"]
[Round "2.47"]
[White "Yaniz Lana, Francisco Javier"]
[Black "Sierra Carranza, Sergio"]
[Result "1/2-1/2"]
[WhiteElo "1599"]
[BlackElo "1807"]
[PlyCount "46"]
[EventDate "2015.03.28"]
[EventType "swiss"]
[EventRounds "9"]
[EventCountry "ESP"]
[Source "lmi"]
[SourceDate "2015.03.28"]

1. d4 Nf6 2. Nf3 e6 3. g3 c5 4. Bg2 Nc6 5. O-O d5 6. c4 cxd4 7. cxd5 exd5 8.
Nxd4 Qb6 9. Nxc6 bxc6 10. Nc3 Be7 11. Qc2 Qc5 12. Qd3 O-O 13. Be3 Qb4 14. Bd4
a5 15. a3 Qd6 16. Rfe1 Rd8 17. Rad1 Be6 18. e4 dxe4 19. Nxe4 Nxe4 20. Bxe4 g6
21. Qc2 Bd5 22. Bxd5 cxd5 23. Qd2 Bf6 1/2-1/2

[Event "38. Open Ciudad de San Sebastián"]
[Site "San Sebastián ESP"]
[Date "2015.03.29"]
[Round "3.1"]
[White "Vazquez Igarza, Renier"]
[Black "Urriza Iricibar, Pablo"]
[Result "1-0"]
[WhiteElo "2596"]
[BlackElo "2180"]
[PlyCount "69"]
[EventDate "2015.03.28"]
[EventType "swiss"]
[EventRounds "9"]
[EventCountry "ESP"]
[Source "lmi"]
[SourceDate "2015.03.28"]

1. Nf3 g6 2. e4 Bg7 3. d4 c5 4. c3 cxd4 5. cxd4 d5 6. e5 Nc6 7. Bb5 Bg4 8.
Bxc6+ bxc6 9. Nbd2 c5 10. dxc5 Qa5 11. O-O Qxc5 12. h3 Bd7 13. Nb3 Qc4 14. Be3
e6 15. Nc5 Ne7 16. Qd2 Rb8 17. Nxd7 Kxd7 18. Bxa7 Rb7 19. Bd4 Nf5 20. Rfc1 Bh6
21. Rxc4 Bxd2 22. Rc2 Bf4 23. Rd1 h5 24. g3 Bh6 25. Kg2 Ra8 26. a3 Bg7 27. Rd3
Ra4 28. Bc5 Re4 29. b4 Bxe5 30. Kf1 Bd6 31. Nd2 Re5 32. g4 hxg4 33. hxg4 Nh6
34. Bxd6 Kxd6 35. Nc4+ 1-0

[Event "38. Open Ciudad de San Sebastián"]
[Site "San Sebastián ESP"]
[Date "2015.03.29"]
[Round "3.2"]
[White "Pastor Pons, Pedro Maria"]
[Black "Epishin, Vladimir"]
[Result "0-1"]
[WhiteElo "2147"]
[BlackElo "2563"]
[PlyCount "96"]
[EventDate "2015.03.28"]
[EventType "swiss"]
[EventRounds "9"]
[EventCountry "ESP"]
[Source "lmi"]
[SourceDate "2015.03.28"]

1. e4 c5 2. Nf3 Nc6 3. d4 cxd4 4. Nxd4 Qb6 5. Nb5 a6 6. Be3 Qd8 7. N5c3 e6 8.
Be2 Nf6 9. f4 d5 10. exd5 Nxd5 11. Nxd5 Qxd5 12. Qxd5 exd5 13. c3 Bd6 14. Bf3
Ne7 15. g3 h5 16. Nd2 Bg4 17. O-O-O f6 18. h3 Bxf3 19. Nxf3 Kf7 20. Nd4 Rhe8
21. Rhe1 Rad8 22. Kc2 Bb8 23. Kd3 Nc8 24. g4 hxg4 25. hxg4 Re4 26. Rf1 Rde8 27.
Rf3 Ne7 28. Rg1 Ng6 29. Rgf1 Ba7 30. Nf5 Bb8 31. Bd2 b5 32. Ng3 Ra4 33. a3 Rc4
34. Be3 Rce4 35. Bd2 Rc4 36. Be3 Rh8 37. b3 Rcc8 38. Nh5 Bd6 39. Bd4 Rce8 40.
Be3 a5 41. b4 a4 42. Ng3 Bb8 43. Nf5 Nh4 44. Nxh4 Rxh4 45. g5 f5 46. g6+ Kxg6
47. Rg1+ Rg4 48. Rfg3 Rxe3+ 0-1

[Event "38. Open Ciudad de San Sebastián"]
[Site "San Sebastián ESP"]
[Date "2015.03.29"]
[Round "3.3"]
[White "Torres Ganuza, Fco. Javier"]
[Black "Libiszewski, Fabien"]
[Result "0-1"]
[WhiteElo "2147"]
[BlackElo "2514"]
[PlyCount "78"]
[EventDate "2015.03.28"]
[EventType "swiss"]
[EventRounds "9"]
[EventCountry "ESP"]
[Source "lmi"]
[SourceDate "2015.03.28"]

1. d4 d6 2. Nf3 g6 3. c4 Bg7 4. e4 Nf6 5. Nc3 O-O 6. Be2 Nbd7 7. O-O e5 8. dxe5
dxe5 9. b3 Re8 10. Bb2 Nh5 11. Re1 Nf4 12. Bf1 c6 13. Na4 Qc7 14. g3 Ne6 15.
Qd2 Ndc5 16. Nxc5 Nxc5 17. Qe3 Bg4 18. Qxc5 Bxf3 19. Qe3 Bg4 20. Be2 Be6 21.
Qc3 f5 22. exf5 gxf5 23. Rad1 Red8 24. Bf1 a5 25. Qc2 Rxd1 26. Rxd1 Re8 27. Bc3
h6 28. Qd2 Ra8 29. Qd6 Qxd6 30. Rxd6 Kf7 31. f4 Bf8 32. Rd2 Bc5+ 33. Kg2 exf4
34. gxf4 Be3 35. Rd3 Bxf4 36. Rf3 Rg8+ 37. Kh3 Bc7 38. Bd2 f4+ 39. Kh4 Bd8+ 0-1

[Event "38. Open Ciudad de San Sebastián"]
[Site "San Sebastián ESP"]
[Date "2015.03.29"]
[Round "3.4"]
[White "Aranaz Portugues, Jose Carlos"]
[Black "Oratovsky, Michael"]
[Result "0-1"]
[WhiteElo "2121"]
[BlackElo "2486"]
[PlyCount "84"]
[EventDate "2015.03.28"]
[EventType "swiss"]
[EventRounds "9"]
[EventCountry "ESP"]
[Source "lmi"]
[SourceDate "2015.03.28"]

1. d4 d6 2. e4 Nf6 3. Nc3 Nbd7 4. Nf3 e5 5. Be2 Be7 6. O-O O-O 7. Re1 c6 8. Bf1
b5 9. d5 b4 10. dxc6 bxc3 11. cxd7 cxb2 12. dxc8=Q bxa1=Q 13. Qa6 Qc3 14. Bd2
Qcc8 15. Qa4 Qdd7 16. Bb5 Qdb7 17. Qe2 a6 18. Bc4 Qcc6 19. Qxc6 Qxc6 20. Bg5
Ra7 21. Bxf6 Bxf6 22. Bb3 Qb5 23. Bc4 Qc6 24. Rd1 Rc7 25. Bb3 a5 26. a4 Rb8 27.
Nd2 Rb4 28. Re1 h6 29. Qd3 Rd4 30. Qe2 Rxa4 31. Bxa4 Qxa4 32. Nb3 Qb4 33. Rd1
a4 34. Na1 Rc4 35. f3 Bd8 36. h3 Bb6+ 37. Kh2 Bd4 38. Qd3 g6 39. f4 Rc3 40. Qf1
exf4 41. Kh1 Be5 42. Qe1 Qc4 0-1

[Event "38. Open Ciudad de San Sebastián"]
[Site "San Sebastián ESP"]
[Date "2015.03.29"]
[Round "3.5"]
[White "Al-hajiri, Bader"]
[Black "Tratar, Marko"]
[Result "0-1"]
[WhiteElo "2115"]
[BlackElo "2475"]
[PlyCount "72"]
[EventDate "2015.03.28"]
[EventType "swiss"]
[EventRounds "9"]
[EventCountry "ESP"]
[Source "lmi"]
[SourceDate "2015.03.28"]

1. e4 c5 2. Nf3 e6 3. d4 cxd4 4. Nxd4 Nc6 5. Nc3 Qc7 6. Be2 a6 7. O-O Nf6 8.
Be3 Be7 9. f4 d6 10. Qe1 O-O 11. Qg3 Nxd4 12. Bxd4 b5 13. e5 dxe5 14. fxe5 Bc5
15. Bxc5 Qxc5+ 16. Kh1 Nd7 17. Bh5 Bb7 18. Rae1 b4 19. Ne4 Bxe4 20. Rxe4 f5 21.
Re2 Rfd8 22. Rd1 Nf8 23. Red2 Rxd2 24. Rxd2 Qc4 25. Be2 Qxa2 26. Qb3 Qxb3 27.
cxb3 Rc8 28. Kg1 a5 29. Bc4 Rc5 30. Kf2 Rxe5 31. Re2 Rxe2+ 32. Kxe2 Kf7 33. Kd3
Ke7 34. Kd4 Kd6 35. Ba6 e5+ 36. Kc4 Ne6 0-1

[Event "38. Open Ciudad de San Sebastián"]
[Site "San Sebastián ESP"]
[Date "2015.03.29"]
[Round "3.6"]
[White "Pap, Misa"]
[Black "Cao Armillas, Jesus"]
[Result "1-0"]
[WhiteElo "2459"]
[BlackElo "2113"]
[PlyCount "63"]
[EventDate "2015.03.28"]
[EventType "swiss"]
[EventRounds "9"]
[EventCountry "ESP"]
[Source "lmi"]
[SourceDate "2015.03.28"]

1. e4 c5 2. Nf3 d6 3. d4 cxd4 4. Nxd4 Nf6 5. Nc3 a6 6. Bg5 e6 7. f4 Be7 8. Qf3
h6 9. Bh4 Qc7 10. O-O-O Nbd7 11. Bd3 g5 12. fxg5 Ne5 13. Qe2 Nfg4 14. Nf3 hxg5
15. Bg3 Bd7 16. h3 Nxf3 17. hxg4 Nh4 18. e5 d5 19. Rdf1 Rf8 20. Bh2 O-O-O 21.
Nxd5 exd5 22. e6 Qc5 23. exd7+ Kxd7 24. g3 Ng6 25. Bg1 Qc6 26. Bf5+ Ke8 27. Bd4
Rd6 28. Rf3 Qc4 29. Re1 Qxe2 30. Rxe2 Kd8 31. Rb3 b5 32. Rc3 1-0

[Event "38. Open Ciudad de San Sebastián"]
[Site "San Sebastián ESP"]
[Date "2015.03.29"]
[Round "3.7"]
[White "Buiza Prieto, Eihartze"]
[Black "Espinosa Aranda, Angel"]
[Result "0-1"]
[WhiteElo "2107"]
[BlackElo "2408"]
[PlyCount "72"]
[EventDate "2015.03.28"]
[EventType "swiss"]
[EventRounds "9"]
[EventCountry "ESP"]
[Source "lmi"]
[SourceDate "2015.03.28"]

1. e4 c5 2. c3 d5 3. exd5 Qxd5 4. d4 Nc6 5. Nf3 Bg4 6. dxc5 Qxd1+ 7. Kxd1 e5 8.
b4 a5 9. Bb5 Nge7 10. Kc2 Bxf3 11. gxf3 axb4 12. cxb4 O-O-O 13. Bxc6 Nxc6 14.
Bd2 Nd4+ 15. Kb2 Nxf3 16. Bc3 Be7 17. a4 Rd3 18. Na3 Rhd8 19. Nc4 Kc7 20. a5
Kc6 21. a6 bxa6 22. Nxe5+ Nxe5 23. Bxe5 Kb5 24. Bc3 Rxc3 25. Kxc3 Bf6+ 26. Kc2
Bxa1 27. Rxa1 Rd4 28. Ra5+ Kxb4 29. Rxa6 Kxc5 30. Kc3 Rf4 31. Ra5+ Kd6 32. Ra2
Rh4 33. f3 Rh3 34. Rf2 Ke5 35. Kd2 Kf4 36. Ke2 g6 0-1

[Event "38. Open Ciudad de San Sebastián"]
[Site "San Sebastián ESP"]
[Date "2015.03.29"]
[Round "3.8"]
[White "Andres Gonzalez, Ivan"]
[Black "Troffiguer, Olivier"]
[Result "1/2-1/2"]
[WhiteElo "2360"]
[BlackElo "2092"]
[PlyCount "59"]
[EventDate "2015.03.28"]
[EventType "swiss"]
[EventRounds "9"]
[EventCountry "ESP"]
[Source "lmi"]
[SourceDate "2015.03.28"]

1. e4 c5 2. Nc3 Nc6 3. Bb5 Nd4 4. Nf3 a6 5. Bc4 e6 6. Nxd4 cxd4 7. Ne2 b5 8.
Bb3 Bc5 9. c3 dxc3 10. bxc3 Bb7 11. d4 Bb6 12. Ng3 Qh4 13. O-O Nf6 14. f3 O-O
15. Be3 Nh5 16. Bf2 Bc7 17. e5 Nxg3 18. Bxg3 Qe7 19. a4 Bc6 20. axb5 axb5 21.
Qd3 d6 22. Rxa8 Rxa8 23. d5 Bxd5 24. Bxd5 exd5 25. Qxd5 Rd8 26. exd6 Bxd6 27.
Bxd6 Rxd6 28. Qxb5 Qe3+ 29. Kh1 Rd8 30. Qa5 1/2-1/2